| 000 | 00757nam a22002297a 4500 | ||
|---|---|---|---|
| 999 |
_c21372 _d21372 |
||
| 003 | AR-CdUCM | ||
| 008 | 190306b ||||| |||| 00| 0 spa d | ||
| 040 |
_aMUNICIPALIDAD PROVINCIAL DEL CUSCO _cBIBLIOTECA MUNICIPAL DEL CUSCO |
||
| 082 |
_aC/343/R13/1887 _bR13 |
||
| 245 | _aReglamento interior de la junta departamental del Cuzco / | ||
| 260 |
_aLima ; _bImprenta del Estado, _c1887. |
||
| 300 |
_a22 Páginas. : _c21 cm. |
||
| 505 | _aContenido: Reglamento. | ||
| 650 |
_aReglamento _913775 |
||
| 650 |
_aJunta Departamental del Cusco _944580 |
||
| 650 |
_aReglamento institucional _944581 |
||
| 650 |
_aFuentes primarias _916778 |
||
| 650 |
_aDocumentos históricos _91122 |
||
| 650 |
_aCusco Perú _944582 |
||
| 942 |
_2ddc _cLIBROS |
||
| 945 | _aRoel | ||